[Event "HUN-chT2 Breyer 1415"]
[Site "Hungary"]
[Date "2015.02.08"]
[Round "?"]
[White "Mocsari, Marcell"]
[Black "Horvath, Ilona Klara"]
[Result "0-1"]
[WhiteElo "1910"]
[BlackElo "1910"]
[PlyCount "64"]
[EventDate "2014.09.07"]
[EventType "team-tourn"]
[EventRounds "11"]
[EventCountry "HUN"]
[SourceTitle "EXT 2016"]
[Source "ChessBase"]
[SourceDate "2015.10.08"]
[SourceVersion "1"]
[SourceVersionDate "2015.10.08"]
[SourceQuality "1"]
[WhiteTeam "Szazhalombatta"]
[BlackTeam "MAFC"]
[WhiteTeamCountry "HUN"]
[BlackTeamCountry "HUN"]

1. e4 c6 2. Nf3 d5 3. Nc3 dxe4 4. Nxe4 Bf5 5. Nc3 Nf6 6. Bc4 e6 7. 0-0 Bd6 8. d3 0-0 9. Re1 a5 10. a3 Nbd7 11. d4 Rc8 12. Ne2 Bb8 13. c3 Bg4 14. Qd3 Nb6 15. Ba2 c5 16. Bb1 c4 17. Qc2 Bxf3 18. gxf3 Qd5 19. Ng3 Qxf3 20. Bg5 g6 21. Bxf6 Qxf6 22. Nh5 Bxh2+ 23. Kxh2 Qh4+ 24. Kg1 Qxh5 25. b3 Nd5 26. bxc4 Rxc4 27. Ba2 Rxc3 28. Qd2 Qg4+ 29. Kf1 Rh3 30. Bxd5 exd5 31. f3 Rh1+ 32. Kf2 Rh2+ 0-1

[Event "HUN-chT2 Breyer 1415"]
[Site "Hungary"]
[Date "2014.09.07"]
[Round "?"]
[White "Erky, Tamas"]
[Black "Horvath, Ilona Klara"]
[Result "1/2-1/2"]
[WhiteElo "1531"]
[BlackElo "1910"]
[PlyCount "65"]
[EventDate "2014.09.07"]
[EventType "team-tourn"]
[EventRounds "11"]
[EventCountry "HUN"]
[SourceTitle "EXT 2016"]
[Source "ChessBase"]
[SourceDate "2015.10.08"]
[SourceVersion "1"]
[SourceVersionDate "2015.10.08"]
[SourceQuality "1"]
[WhiteTeam "Szechenyi"]
[BlackTeam "MAFC"]
[WhiteTeamCountry "HUN"]
[BlackTeamCountry "HUN"]

1. e4 c6 2. d4 d5 3. exd5 cxd5 4. Nf3 Nc6 5. Bd3 Nf6 6. c3 Bg4 7. h3 Bh5 8. Bf4 e6 9. Nbd2 Bd6 10. Bxd6 Qxd6 11. 0-0 0-0 12. Re1 Nd7 13. Qc2 Bg6 14. Bxg6 hxg6 15. Nb3 Rac8 16. Qd3 a6 17. Rac1 Qf4 18. Qe3 Qxe3 19. Rxe3 Rc7 20. Re2 Rfc8 21. Rd1 b5 22. a3 a5 23. Ree1 b4 24. axb4 axb4 25. Rc1 bxc3 26. Rxc3 Nb4 27. Rxc7 Rxc7 28. Rc1 Rxc1+ 29. Nxc1 Nf6 30. Kf1 Ne4 31. Ke2 Nd6 32. Nd3 Nc6 33. Nde5 1/2-1/2

[Event "HUN-ch U18 Girls"]
[Site "Balatonlelle"]
[Date "2014.06.25"]
[Round "6"]
[White "Szente Varga, Fruzsina"]
[Black "Horvath, Ilona Klara"]
[Result "1-0"]
[WhiteElo "2024"]
[BlackElo "1901"]
[PlyCount "107"]
[EventDate "2014.06.20"]
[EventType "tourn"]
[EventRounds "9"]
[EventCountry "HUN"]
[SourceTitle "EXT 2024"]
[Source "ChessBase"]
[SourceDate "2023.10.10"]
[SourceVersion "1"]
[SourceVersionDate "2023.10.10"]
[SourceQuality "1"]

1. e4 c6 2. d4 d5 3. Nc3 dxe4 4. Nxe4 Nf6 5. Nxf6+ exf6 6. c3 Bd6 7. Bd3 0-0 8. Qc2 g6 9. Ne2 Re8 10. 0-0 Nd7 11. Be3 Nf8 12. Rfd1 b6 13. c4 Bb7 14. Nc3 f5 15. Qd2 Qc7 16. g3 Rad8 17. Bf1 Ne6 18. f4 Bf8 19. Qf2 Bg7 20. Bg2 Qe7 21. Rac1 Ba8 22. a3 Nc7 23. Re1 Qf6 24. Rcd1 Ne6 25. d5 cxd5 26. cxd5 Nc7 27. Bd4 Rxe1+ 28. Qxe1 Qd6 29. Bxg7 Kxg7 30. Qe5+ Qxe5 31. fxe5 Kf8 32. Kf2 Ke8 33. Ke3 a6 34. Bf3 Ke7 35. Na4 b5 36. Nb6 Ke8 37. Nxa8 Nxa8 38. Rc1 Nb6 39. Kd4 Kd7 40. b3 Rc8 41. Rxc8 Nxc8 42. Kc5 Ne7 43. Kb6 g5 44. Kxa6 Ng6 45. Kxb5 Nxe5 46. Bg2 f4 47. gxf4 gxf4 48. Kc5 f5 49. a4 f3 50. Bh3 Ng4 51. Kd4 f2 52. a5 Nxh2 53. a6 Kc7 54. d6+ 1-0

[Event "HUN-chT2 Erkel 1314"]
[Site "Hungary"]
[Date "2014.04.27"]
[Round "11"]
[White "Horvath, Ilona Klara"]
[Black "Pap, Kristof"]
[Result "1-0"]
[WhiteElo "1930"]
[BlackElo "1484"]
[PlyCount "77"]
[EventDate "2013.09.08"]
[EventType "team-tourn"]
[EventRounds "11"]
[EventCountry "HUN"]
[SourceTitle "EXT 2016"]
[Source "ChessBase"]
[SourceDate "2015.10.08"]
[SourceVersion "1"]
[SourceVersionDate "2015.10.08"]
[SourceQuality "1"]
[WhiteTeam "Budapest MAFC"]
[BlackTeam "Mezokovesd"]
[WhiteTeamCountry "HUN"]
[BlackTeamCountry "HUN"]

1. e4 e5 2. d4 exd4 3. c3 dxc3 4. Bc4 cxb2 5. Bxb2 d5 6. Bxd5 Nf6 7. Bxf6 Qxf6 8. Nd2 c6 9. Bb3 Bc5 10. Ngf3 Bg4 11. 0-0 0-0 12. h3 Bh5 13. Qc2 Nd7 14. e5 Qe7 15. Rfe1 Bg6 16. Qc4 b5 17. Qg4 Nb6 18. Ne4 Ba3 19. Nh4 Kh8 20. Nxg6+ fxg6 21. Ng5 Rf5 22. f4 Rxg5 23. fxg5 c5 24. Rad1 c4 25. Bc2 Bb4 26. Re4 Qc5+ 27. Kh2 Nd5 28. Red4 Rd8 29. Qe4 Rf8 30. Rxd5 Qf2 31. Rd8 Be7 32. Rxf8+ Qxf8 33. h4 Qf2 34. Rd7 Bf8 35. Qf3 Qxh4+ 36. Kg1 Bc5+ 37. Kf1 Qh1+ 38. Ke2 Bb4 39. Rd8+ 1-0

[Event "EU-ch U18 Girls 23rd"]
[Site "Budva"]
[Date "2013.09.29"]
[Round "1"]
[White "Horvath, Ilona Klara"]
[Black "Efroimski, Marsel"]
[Result "0-1"]
[WhiteElo "1930"]
[BlackElo "2317"]
[PlyCount "93"]
[EventDate "2013.09.29"]
[EventType "swiss"]
[EventRounds "9"]
[EventCountry "MNE"]
[SourceTitle "CBM 156 Extra"]
[Source "ChessBase"]
[SourceDate "2013.10.22"]
[SourceVersion "1"]
[SourceVersionDate "2013.10.22"]
[SourceQuality "1"]

1. e4 c6 2. f4 d5 3. e5 c5 4. d3 Nc6 5. c3 d4 6. Nf3 Bf5 7. Be2 e6 8. c4 f6 9. 0-0 Qc7 10. exf6 gxf6 11. Nh4 0-0-0 12. Nxf5 exf5 13. Bf3 Bd6 14. Kh1 Nge7 15. Na3 a6 16. Nc2 Rdg8 17. Qe2 Rg7 18. Qe6+ Qd7 19. Qxd7+ Kxd7 20. Bd2 Rb8 21. a4 Bc7 22. g3 b5 23. cxb5 axb5 24. a5 b4 25. a6 Ra8 26. Ra4 Ra7 27. Na1 Na5 28. Rc1 Kd6 29. Re1 Bb6 30. Bd1 Rxa6 31. Bb3 Nd5 32. Bc4 Raa7 33. Bb5 Rae7 34. Kg1 Rxe1+ 35. Bxe1 Re7 36. Kf2 Ne3 37. h3 Nd1+ 38. Kf1 Nxb2 39. Ra2 Nd1 40. Ba4 Nc3 41. Bxc3 dxc3 42. Re2 Ra7 43. Bc2 c4 44. dxc4 Nxc4 45. Nb3 Ne3+ 46. Ke1 Nxc2+ 47. Rxc2 0-1

[Event "HUN-ch U18 Girls"]
[Site "Balatonlelle"]
[Date "2013.06.28"]
[Round "6"]
[White "Horvath, Ilona Klara"]
[Black "Szente Varga, Fruzsina"]
[Result "0-1"]
[WhiteElo "1922"]
[BlackElo "2003"]
[PlyCount "74"]
[EventDate "2013.??.??"]
[EventType "tourn"]
[EventRounds "6"]
[EventCountry "HUN"]
[SourceTitle "EXT 2014"]
[Source "ChessBase"]
[SourceDate "2013.11.20"]
[SourceVersion "1"]
[SourceVersionDate "2013.11.20"]
[SourceQuality "1"]

1. e4 c5 2. d4 cxd4 3. c3 Nf6 4. e5 Nd5 5. Nf3 Nc6 6. Bc4 Nb6 7. Bb3 g6 8. cxd4 Bg7 9. 0-0 0-0 10. Nc3 d5 11. a3 Bg4 12. h3 Bxf3 13. gxf3 e6 14. Qd3 Qh4 15. f4 f6 16. Ne2 g5 17. Qg3 Qh5 18. Qg4 Qxg4+ 19. hxg4 gxf4 20. Bxf4 fxe5 21. dxe5 Bxe5 22. Bxe5 Nxe5 23. Nd4 Nf3+ 24. Nxf3 Rxf3 25. Bd1 Rf4 26. Re1 Kf7 27. Rc1 Rc8 28. Rxc8 Nxc8 29. Kg2 Nd6 30. f3 Nc4 31. Re2 h6 32. Kg3 Rd4 33. Bb3 Nd2 34. Bc2 Nc4 35. Bb3 Nd6 36. Bc2 Kf6 37. f4 Nf7 0-1

[Event "HUN-ch U18 Girls"]
[Site "Balatonlelle"]
[Date "2013.06.27"]
[Round "5"]
[White "Juhasz, Barbara"]
[Black "Horvath, Ilona Klara"]
[Result "1-0"]
[WhiteElo "2153"]
[BlackElo "1922"]
[PlyCount "79"]
[EventDate "2013.??.??"]
[EventType "tourn"]
[EventRounds "6"]
[EventCountry "HUN"]
[SourceTitle "EXT 2014"]
[Source "ChessBase"]
[SourceDate "2013.11.20"]
[SourceVersion "1"]
[SourceVersionDate "2013.11.20"]
[SourceQuality "1"]

1. e4 c6 2. d4 d5 3. Nd2 dxe4 4. Nxe4 Nf6 5. Nxf6+ gxf6 6. c3 Bf5 7. Nf3 Nd7 8. g3 e6 9. Bg2 Bd6 10. 0-0 Qc7 11. Nh4 Bg6 12. f4 f5 13. Qe2 Nf6 14. b4 0-0 15. Nxg6 hxg6 16. Bd2 Rad8 17. Rfd1 Rfe8 18. Rac1 Bf8 19. Be1 Bg7 20. a3 b6 21. c4 c5 22. Bf2 Ng4 23. dxc5 Rxd1+ 24. Rxd1 Nxf2 25. Qxf2 bxc5 26. Qxc5 Qxc5+ 27. bxc5 Bf8 28. c6 Bc5+ 29. Kf1 Rc8 30. a4 Bb6 31. Rd7 Rc7 32. Rd8+ Kg7 33. Rb8 Kf6 34. Rb7 Rxb7 35. cxb7 Bc7 36. Ke2 e5 37. fxe5+ Kxe5 38. Bd5 f6 39. Kd3 g5 40. h4 1-0

[Event "HUN-chT2 Erkel 1213"]
[Site "Hungary"]
[Date "2013.04.07"]
[Round "10.12"]
[White "Czinkoczky, Reka"]
[Black "Horvath, Ilona Klara"]
[Result "0-1"]
[WhiteElo "1565"]
[BlackElo "1846"]
[PlyCount "64"]
[EventDate "2012.09.16"]
[EventType "team-tourn"]
[EventRounds "11"]
[EventCountry "HUN"]
[SourceTitle "EXT 2014"]
[Source "ChessBase"]
[SourceDate "2013.11.20"]
[SourceVersion "1"]
[SourceVersionDate "2013.11.20"]
[SourceQuality "1"]
[WhiteTeam "Pestszentlorinc"]
[BlackTeam "Barcza"]
[WhiteTeamCountry "HUN"]
[BlackTeamCountry "HUN"]

1. d4 d5 2. c4 c6 3. Nf3 Nf6 4. Nc3 e6 5. Bg5 dxc4 6. a4 Bb4 7. e3 Qa5 8. Qc2 Ne4 9. Rc1 Bxc3+ 10. bxc3 Nxg5 11. Nxg5 Qxg5 12. g3 Qg6 13. Qa2 Qe4 14. Rg1 b6 15. Qxc4 Ba6 16. Qa2 Bxf1 17. Rxf1 Nd7 18. Qa3 c5 19. Qb3 0-0 20. Rd1 Rfd8 21. h4 Nf6 22. Qb2 cxd4 23. Rxd4 Rxd4 24. cxd4 Rc8 25. Kd2 Qg2 26. Ke2 Ne4 27. Ke1 Nxg3 28. Qb5 Nxf1 29. Qd7 Rc1+ 30. Ke2 Qg4+ 31. Kd3 Qf5+ 32. Ke2 Rc2+ 0-1

[Event "HUN-chT2 Erkel 1213"]
[Site "Hungary"]
[Date "2013.03.03"]
[Round "8.12"]
[White "Kokeny, Norbert Adrian"]
[Black "Horvath, Ilona Klara"]
[Result "1/2-1/2"]
[WhiteElo "1727"]
[BlackElo "1846"]
[PlyCount "106"]
[EventDate "2012.09.16"]
[EventType "team-tourn"]
[EventRounds "11"]
[EventCountry "HUN"]
[SourceTitle "EXT 2014"]
[Source "ChessBase"]
[SourceDate "2013.11.20"]
[SourceVersion "1"]
[SourceVersionDate "2013.11.20"]
[SourceQuality "1"]
[WhiteTeam "Dunaharaszti"]
[BlackTeam "Barcza"]
[WhiteTeamCountry "HUN"]
[BlackTeamCountry "HUN"]

1. d4 d5 2. c4 c6 3. cxd5 cxd5 4. Nc3 Nc6 5. Nf3 Nf6 6. Bf4 a6 7. e3 Bg4 8. Be2 e6 9. 0-0 Be7 10. Rc1 0-0 11. a3 Rc8 12. Ne5 Bxe2 13. Nxe2 Nxe5 14. Bxe5 Qb6 15. Bxf6 Bxf6 16. Qd2 Rc6 17. Rc3 Rfc8 18. Rfc1 Qc7 19. Nf4 Qd6 20. Nd3 Bd8 21. Ne5 Rxc3 22. Rxc3 Rc7 23. b4 h6 24. g3 Rxc3 25. Qxc3 Qc7 26. Qc5 Qxc5 27. dxc5 Kf8 28. Kf1 Ke7 29. Ke2 Bc7 30. Nf3 Kd7 31. Nd4 g6 32. f4 f6 33. Kd3 e5 34. Ne2 Kc6 35. Kc3 b6 36. fxe5 fxe5 37. cxb6 Bxb6 38. e4 dxe4 39. Kc4 h5 40. a4 Bf2 41. b5+ axb5+ 42. axb5+ Kd6 43. Nc3 e3 44. Ne4+ Kc7 45. Kd3 Kb6 46. Nc3 Kc5 47. Ke2 Bg1 48. h3 Bf2 49. Kf3 Kb6 50. g4 h4 51. Ke2 Kc5 52. Kf1 Kb6 53. Ke2 Kc5 1/2-1/2

[Event "HUN-ch U20 Girls"]
[Site "Budapest"]
[Date "2013.02.09"]
[Round "8"]
[White "Horvath, Ilona Klara"]
[Black "Marjanovic, Annamaria"]
[Result "0-1"]
[WhiteElo "1874"]
[BlackElo "1931"]
[PlyCount "88"]
[EventDate "2013.02.04"]
[EventType "tourn"]
[EventRounds "9"]
[EventCountry "HUN"]
[SourceTitle "CBM 152 Extra"]
[Source "ChessBase"]
[SourceDate "2013.02.25"]
[SourceVersion "1"]
[SourceVersionDate "2013.02.25"]
[SourceQuality "1"]

1. e4 e5 2. d4 exd4 3. c3 Qe7 4. Qxd4 Nf6 5. Bd3 Nc6 6. Qe3 Ne5 7. Bc2 d5 8. Nf3 Neg4 9. Qe2 dxe4 10. Nd4 Bd7 11. 0-0 0-0-0 12. h3 Nh6 13. Bf4 Nf5 14. Nd2 Nxd4 15. cxd4 Nd5 16. Bh2 f5 17. Bb3 Bc6 18. Rac1 Qd7 19. Nc4 Bb5 20. a4 Bxc4 21. Rxc4 Bd6 22. Bxd6 Qxd6 23. Rfc1 c6 24. a5 a6 25. Ba4 Ne7 26. Qc2 g5 27. Qe2 h5 28. Rc5 Qxd4 29. Bxc6 Nxc6 30. Rxc6+ bxc6 31. Qxa6+ Kd7 32. Qb7+ Ke6 33. Rxc6+ Rd6 34. Rc7 Rd7 35. Rc6+ Ke7 36. Qa6 Qe5 37. g3 f4 38. Qc4 fxg3 39. Rc5 gxf2+ 40. Kg2 f1Q+ 41. Kxf1 Qf4+ 42. Ke1 Qg3+ 43. Ke2 Qf3+ 44. Ke1 Rd1# 0-1

[Event "HUN-ch U20 Girls"]
[Site "Budapest"]
[Date "2013.02.07"]
[Round "6"]
[White "Horvath, Ilona Klara"]
[Black "Havanecz, Bianka"]
[Result "0-1"]
[WhiteElo "1874"]
[BlackElo "2074"]
[PlyCount "74"]
[EventDate "2013.02.04"]
[EventType "tourn"]
[EventRounds "9"]
[EventCountry "HUN"]
[SourceTitle "CBM 152 Extra"]
[Source "ChessBase"]
[SourceDate "2013.02.25"]
[SourceVersion "1"]
[SourceVersionDate "2013.02.25"]
[SourceQuality "1"]

1. e4 c5 2. b4 cxb4 3. a3 d5 4. e5 Nc6 5. d4 Qb6 6. Nf3 Bg4 7. Be3 e6 8. axb4 Bxb4+ 9. c3 Be7 10. Bd3 Bd8 11. Na3 a6 12. Nb5 Rb8 13. Nd6+ Kf8 14. h3 Bh5 15. g4 Bg6 16. Ng5 Bxg5 17. Bxg5 f6 18. Qf3 Nxd4 19. Qf4 Bxd3 20. exf6 Nf3+ 21. Qxf3 Qxd6 22. fxg7+ Kxg7 23. Qxd3 Nf6 24. 0-0 Ne4 25. Bh4 h5 26. g5 Qf4 27. Qd4+ Kg6 28. f3 Qxh4 29. fxe4 Qg3+ 30. Kh1 Qxh3+ 31. Kg1 Qg3+ 32. Kh1 Qh4+ 33. Kg1 Qxg5+ 34. Kh2 Qh4+ 35. Kg1 Rhg8 36. Rf2 Kh7+ 37. Kf1 Rbf8 0-1

[Event "Wch U16 Girls"]
[Site "Maribor"]
[Date "2012.11.16"]
[Round "9.23"]
[White "Horvath, Ilona Klara"]
[Black "Hincu, Olga"]
[Result "1-0"]
[WhiteElo "1846"]
[BlackElo "1966"]
[PlyCount "81"]
[EventDate "2012.11.08"]
[EventType "swiss"]
[EventRounds "11"]
[EventCountry "SLO"]
[SourceTitle "EXT 2013"]
[Source "ChessBase"]
[SourceDate "2012.11.22"]
[SourceVersion "1"]
[SourceVersionDate "2012.11.22"]
[SourceQuality "1"]

1. e4 e6 2. f4 d5 3. e5 c5 4. Nf3 Nc6 5. c3 Nh6 6. d3 Be7 7. Be2 Bd7 8. 0-0 Qb6 9. Na3 f6 10. Nc2 Nf7 11. Re1 0-0-0 12. Bf1 Kb8 13. Kh1 fxe5 14. fxe5 g5 15. d4 cxd4 16. Ncxd4 g4 17. Nxc6+ bxc6 18. Nd4 c5 19. Nc2 h5 20. b4 Ba4 21. Be3 Qc7 22. Qe2 Ka8 23. bxc5 Bxc2 24. Qxc2 Bxc5 25. Bxc5 Qxc5 26. Qg6 Qe7 27. Ba6 Rdg8 28. Qd3 Qc5 29. Rab1 Rb8 30. Qg6 Qe7 31. c4 Rxb1 32. Rxb1 Nxe5 33. Qc2 Rf8 34. cxd5 exd5 35. Qb3 Nc4 36. Bb7+ Kb8 37. Bxd5+ Nb6 38. a4 Kc7 39. Rc1+ Kd8 40. Be6 Nd7 41. Qb8+ 1-0

[Event "Wch U16 Girls"]
[Site "Maribor"]
[Date "2012.11.12"]
[Round "6.24"]
[White "Horvath, Ilona Klara"]
[Black "Mukhit, Aisezym"]
[Result "1/2-1/2"]
[WhiteElo "1846"]
[BlackElo "2072"]
[PlyCount "108"]
[EventDate "2012.11.08"]
[EventType "swiss"]
[EventRounds "11"]
[EventCountry "SLO"]
[SourceTitle "EXT 2013"]
[Source "ChessBase"]
[SourceDate "2012.11.22"]
[SourceVersion "1"]
[SourceVersionDate "2012.11.22"]
[SourceQuality "1"]

1. e4 c5 2. f4 e6 3. d3 d5 4. e5 Ne7 5. Nf3 Nbc6 6. c3 d4 7. Be2 Nf5 8. 0-0 Qb6 9. c4 Be7 10. b3 h5 11. Na3 h4 12. h3 Bd7 13. Nc2 f6 14. Nh2 fxe5 15. Bh5+ Kd8 16. Bg4 Ng3 17. Re1 Bf6 18. Rb1 Re8 19. Nf3 Qc7 20. fxe5 Nxe5 21. Nxe5 Bxe5 22. b4 b6 23. bxc5 Qxc5 24. Ba3 Qc7 25. Bf3 Rc8 26. Nb4 Nf5 27. Na6 Bh2+ 28. Kh1 Qg3 29. Re4 Bc6 30. Rg4 Bxf3 31. Qxf3 Qxf3 32. gxf3 Bg3 33. c5 bxc5 34. Nxc5 Rb8 35. Rxb8+ Bxb8 36. Bb2 e5 37. Rg5 Ng3+ 38. Kg2 Re7 39. Rg6 Ne2 40. Kf1 Nf4 41. Rg4 Bd6 42. Ne4 Bb4 43. Bc1 Nxh3 44. Rxh4 Nf4 45. Bxf4 exf4 46. Rxf4 Rc7 47. Ng5 Rc1+ 48. Kg2 Rc2+ 49. Kh3 Bd2 50. Rxd4+ Ke7 51. Ne4 Rxa2 52. Nxd2 Rxd2 53. Ra4 Rxd3 54. Rxa7+ Kf6 1/2-1/2

[Event "HUN-chT2 Erkel 1213"]
[Site "Hungary"]
[Date "2012.10.07"]
[Round "2.11"]
[White "Muhari, Gabor"]
[Black "Horvath, Ilona Klara"]
[Result "0-1"]
[WhiteElo "1903"]
[BlackElo "1846"]
[PlyCount "80"]
[EventDate "2012.09.16"]
[EventType "team-tourn"]
[EventRounds "11"]
[EventCountry "HUN"]
[SourceTitle "EXT 2014"]
[Source "ChessBase"]
[SourceDate "2013.11.20"]
[SourceVersion "1"]
[SourceVersionDate "2013.11.20"]
[SourceQuality "1"]
[WhiteTeam "Nagykata"]
[BlackTeam "Barcza"]
[WhiteTeamCountry "HUN"]
[BlackTeamCountry "HUN"]

1. e4 c6 2. d4 d5 3. e5 Bf5 4. Nf3 e6 5. Be2 c5 6. c3 Nc6 7. 0-0 Nge7 8. Be3 Ng6 9. a3 Be7 10. b4 cxd4 11. cxd4 0-0 12. Nbd2 Rc8 13. Nb3 Nxb4 14. axb4 Bc2 15. Qd2 Bxb3 16. Qb2 Bc4 17. Rxa7 Qb6 18. Ra4 Qb5 19. Ra2 Ra8 20. Rfa1 Ra6 21. Bxc4 dxc4 22. Bd2 Rc8 23. g3 Rxa2 24. Rxa2 c3 25. Qc2 Qe2 26. Kg2 Bxb4 27. Rb2 Rc4 28. Rxb4 Rxb4 29. Qxc3 Rc4 30. Qb2 Qe4 31. Qb5 Rxd4 32. Qe8+ Nf8 33. Be3 Rd3 34. Qb5 h6 35. Qe8 Rc3 36. Qb5 Ng6 37. Qa5 Rd3 38. Qc5 Rd5 39. Qc8+ Kh7 40. Qxb7 Nxe5 0-1